Countries: After K Quiz Stats

Quiz Updated Sep 8, 2016

Also try: Countries: After E
Challenge
Share
Tweet
Embed
Score 0/10 Timer 03:00
1 Play Today
Letter after 'K' Country Name % Correct
ISt. Kitts and Nevis
92.3%
ASri Lanka
89.2%
ETurkey
88.8%
HKazakhstan
87.7%
ONorth Korea
83.4%
YKyrgyzstan
77.9%
UKuwait
59.6%
MTurkmenistan
57.9%
-Denmark
47.7%
RUkraine
46.3%

You're not logged in!

Compare scores with friends on all Sporcle quizzes.
Join for Free
OR
Log In

You Might Also Like...

Show Comments

Extras

Top Quizzes Today


Score Distribution

Your Account Isn't Verified!

In order to create a playlist on Sporcle, you need to verify the email address you used during registration. Go to your Sporcle Settings to finish the process.

Report this User

Report this user for behavior that violates our Community Guidelines.

Details: